Państwa najbliższe Słowacji. - Statystyki

Ogólne statystyki
  • Ten quiz został rozwiązany 68 razy
  • Średni wynik to 16 z 18
Statystyki odpowiedzi
km Państwo % Poprawnych
0 Polska
100%
0 Austria
98%
0 Czechy
98%
0 Węgry
98%
223 Niemcy
97%
0 Ukraina
97%
141 Słowenia
95%
265 Białoruś
94%
165 Chorwacja
92%
75 Rumunia
92%
307 Włochy
92%
188 Serbia
90%
470 Bułgaria
84%
465 Czarnogóra
84%
521 Litwa
84%
498 Szwajcaria
84%
330 Mołdawia
82%
287 Bośnia i Hercegowina
81%
Nie znaleziono quizów pasujących do podanych kryteriów
Rozkład punktacji
Procent ludzi z każdym wynikiem
Percentyl według liczby udzielonych odpowiedzi
Twoja historia wyników
Nie rozwiązałeś tego quizu